| 000 | 00706cam a2200205 4500 | ||
|---|---|---|---|
| 001 | WB3732-30 | ||
| 008 | 010829n2001 000 0 eng u | ||
| 035 | _a(Sirsi) u114370 | ||
| 245 | _aScottish house prices rise | ||
| 260 | _c2001 | ||
| 490 |
_aHerald _v24 August 2001, 4(1) |
||
| 520 | _aNew research indicates that after nearly a year of stagnation Scottish house prices are rising again. Lloyds TSB Scotland's quarterly house price index rose by 7.4% in the three months to July 2001. | ||
| 590 | _aWB | ||
| 650 | _aLLOYDS TSB | ||
| 650 | _aRESEARCH | ||
| 650 | _aSCOTLAND | ||
| 650 | _aHOUSING MARKET | ||
| 690 | _aPROPERTY-RESIDENTIAL PROPERTY-RESIDENTIAL PROPERTY MARKET | ||
| 942 | _n0 | ||
| 999 |
_c68111 _d68111 |
||